La otredad cultural entre utopía y ciencia : un estudio sobre el origen, el desarrollo y la reorientación de la antropología /

Reflexión orientada a clarificar lo que es y lo que podría ser la antropología, planteada desde el interior de la tradición antropológica, en especial desde la perspectiva de la etnología. En el centro de esta tradición antropológica, el autor ubica la categoría de la otredad o alteridad, resultante...

ver descrição completa

Na minha lista:
Detalhes bibliográficos
Autor principal: Krotz, Esteban (autor)
Formato: Livro
Idioma:espanhol
Publicado em: México : Fondo de Cultura Económica : Universidad Autónoma Metropolitana Iztapalapa, 2002, c2002
Colecção:(Sección de Obras de Antropología)
Assuntos:
Tags: Adicionar Tag
Sem tags, seja o primeiro a adicionar uma tag!

MARC

LEADER 00000nam^a2200000^a^4500
001 000156427
005 20250521000000.0
009 20260310100504.48
020 |a 968-16-5968-6 
037 |a Acervo ITESO - Biblioteca 
041 |a ESP 
082 |a 300. 1  |b KRO 
100 |a Krotz, Esteban  |e (autor) 
245 1 3 |a La otredad cultural entre utopía y ciencia :  |b un estudio sobre el origen, el desarrollo y la reorientación de la antropología /  |c E. Krotz. 
264 4 |a México :  |b Fondo de Cultura Económica :  |b Universidad Autónoma Metropolitana Iztapalapa,  |c 2002, c2002 
300 |a 495 p. 
336 |a texto  |b txt  |2 rdacontenido 
337 |a sin mediación  |b n  |2 rdamedio 
338 |a volumen  |b nc  |2 rdasoporte 
440 1 |a (Sección de Obras de Antropología) 
500 |a Traducción de: Kulturelle Andersheit zwischen Utopie und Wissenschaft: ein Beitrag zu Genese, Entwicklung und Neuorientierung der Anthropologie 
520 |a Reflexión orientada a clarificar lo que es y lo que podría ser la antropología, planteada desde el interior de la tradición antropológica, en especial desde la perspectiva de la etnología. En el centro de esta tradición antropológica, el autor ubica la categoría de la otredad o alteridad, resultante del contacto entre culturas. Esteban Krotz destaca, a través de la larga historia de los encuentros de Europa con otras culturas, dos formas de formular y tratar la pregunta antropológica acerca de la otredad: una de ellas es la utopía, que encierra una determinada categoría de otredad, y la otra se deriva de la conversión en ciencia de la antropología. 
649 |a XX 
650 |a Diferencia y Otredad 
650 |a Cultura Popular 
650 |a Evolución 
650 |a Utopía 
650 |a Política -  |x Teoría 
650 |a Filosofía Política 
650 |a Filosofía del Renacimiento 
650 |a Epistemología 
650 |a Edad Media 
650 |a Europa -  |x Historia -  |y 476-1492 
650 |a América -  |x Historia -  |y Descubrimiento y Exploración 
650 |a América -  |x Historia -  |y Epoca Colonial 
650 |a Etnología 
650 |a Antropología Cultural 
650 |a Antropología Filosófica 
650 |a Antropología -  |x Historia 
650 |a Antropología -  |x Teoría 
910 |a Fondo General 
920 |a Impresos - Libros 
930 |a Colección General 
905 |a 101 
901 |a 0500084273  |b IT1  |c ACC  |u 20250521 
902 |a https://opac.biblio.iteso.mx/vufind/Record/000156427